BHARATIYA ARTHANITI (Record no. 4849)
[ view plain ]
| 000 -LEADER | |
|---|---|
| fixed length control field | 00402cam a2200181ua 4500 |
| 008 - FIXED-LENGTH DATA ELEMENTS--GENERAL INFORMATION | |
| fixed length control field | 111230n1992 II |||gr||||Z||||||asm |
| 040 ## - CATALOGING SOURCE | |
| Original cataloging agency | MAIN |
| 041 ## - LANGUAGE CODE | |
| -- | English |
| 100 ## - MAIN ENTRY--PERSONAL NAME | |
| Personal name | HUDA, MANIRUL. |
| 245 ## - TITLE STATEMENT | |
| Title | BHARATIYA ARTHANITI |
| 260 ## - PUBLICATION, DISTRIBUTION, ETC. | |
| Place of publication, distribution, etc. | DIBRUGARH |
| Name of publisher, distributor, etc. | BANALATA |
| Date of publication, distribution, etc. | 1992 |
| 300 ## - PHYSICAL DESCRIPTION | |
| Extent | 529: |
| Dimensions | 25CM. |
| 700 ## - ADDED ENTRY--PERSONAL NAME | |
| Personal name | BARUAH. |
| 700 ## - ADDED ENTRY--PERSONAL NAME | |
| Personal name | GOSWAMI. |
| 942 ## - ADDED ENTRY ELEMENTS (KOHA) | |
| Koha item type | Books |
| 653 ## - INDEX TERM--UNCONTROLLED | |
| Uncontrolled term | INDIAN ECONOMY |
| Withdrawn status | Lost status | Source of classification or shelving scheme | Damaged status | Not for loan | Collection code | Home library | Current library | Date acquired | Full call number | Barcode | Date last seen | Price effective from | Koha item type | Shelving location | Public note |
|---|---|---|---|---|---|---|---|---|---|---|---|---|---|---|---|
| Dewey Decimal Classification | TBECO | Central Library and Information Centre Sibsagar Girls College | Central Library and Information Centre Sibsagar Girls College | 19.06.1995 | 330.54 HUD | 13108 | 04.06.2023 | 04.06.2023 | Books | ||||||
| Dewey Decimal Classification | TBECO | Central Library and Information Centre Sibsagar Girls College | Central Library and Information Centre Sibsagar Girls College | 19.06.1995 | 330.54 HUD | 13109 | 04.06.2023 | 04.06.2023 | Books | ECONOMICS BOOK RACK | V | ||||
| Dewey Decimal Classification | TBECO | Central Library and Information Centre Sibsagar Girls College | Central Library and Information Centre Sibsagar Girls College | 19.06.1995 | 330.54 HUD | 13110 | 04.06.2023 | 04.06.2023 | Books | ||||||
| Dewey Decimal Classification | TBECO | Central Library and Information Centre Sibsagar Girls College | Central Library and Information Centre Sibsagar Girls College | 19.06.1995 | 330.54 HUD | 13111 | 04.06.2023 | 04.06.2023 | Books | ||||||
| Dewey Decimal Classification | TBECO | Central Library and Information Centre Sibsagar Girls College | Central Library and Information Centre Sibsagar Girls College | 19.06.1995 | 330.54 HUD | 13112 | 04.06.2023 | 04.06.2023 | Books |